| 000 | 02120nam a2200385 i 4500 | ||
|---|---|---|---|
| 001 | 991107400052806196 | ||
| 005 | 20250408084122.0 | ||
| 006 | m o d | | ||
| 007 | cr cnu|||||||| | ||
| 008 | 240901s2024 enka ob 001 0 eng d | ||
| 020 | _a9781447371106 | ||
| 035 | _a(MiAaPQ)EBC31181898 | ||
| 035 | _a(Au-PeEL)EBL31181898 | ||
| 035 | _a(CKB)34168940600041 | ||
| 035 | _a(DE-B1597)694765 | ||
| 035 | _a(DE-B1597)9781447371137 | ||
| 035 | _a(OCoLC)1453321641 | ||
| 035 | _a(MdBmJHUP)musev2_122820 | ||
| 035 | _a(EXLCZ)9934168940600041 | ||
| 040 |
_aMiAaPQ _beng _erda _epn _cMiAaPQ _dMiAaPQ |
||
| 041 | _aeng | ||
| 050 | 4 |
_aRA564.9.T73 _b.C355 2024 |
|
| 100 |
_aCallahan, Evelyn _eauthor _925131 |
||
| 245 | 1 | 4 |
_aThe sick trans person _b: negotiations, healthcare, and the tension of demedicalization _c/ Evelyn Callahan. |
| 250 | _aFirst edition. | ||
| 260 |
_aBristol, England : _bPolicy Press, _c2024. |
||
| 300 |
_avi, 154 pages ; _c24 cm. |
||
| 504 | _aIncludes bibliographical references and index. | ||
| 520 | _aHealthcare for transgender people is in crisis. Many of the problems stem from bureaucracies within the health system, limiting conceptualizations of sex and gender, and the requirement for a diagnosis of ‘gender dysphoria’. This book presents a unique argument for full demedicalization of transness as a crucial step towards removing existing barriers to good healthcare. Resisting the current norm of separating sex and gender, it also argues for an understanding of them as necessarily interlinked and co-constructed. By elevating trans voices and experiences, this book offers a new perspective on transness, medicalization and research methodologies to help trans people, practitioners and policy makers better understand the barriers faced by trans people when seeking healthcare. | ||
| 588 | _aDescription based on publisher supplied metadata and other sources. | ||
| 588 | _aDescription based on print version record. | ||
| 650 | 0 |
_aTransgender people _xHealth and hygiene _925132 |
|
| 650 | 0 |
_aTransgender people _xMedical care _925133 |
|
| 942 | _2lcc | ||
| 999 |
_c4633 _d4633 |
||